000 00698nam a2200241 i 4500
001 34250
003 BD-RjUL
005 20211209052128.0
008 140514s1970 mau b 000 0 eng d
035 _a(BD-RjUL)34344
040 _aDLC
_cDLC
_dDLC
_dBD-RjUL
_beng
041 _aeng
082 0 0 _a301.08
_bMIR 1970
245 1 0 _aMirror of man :
_breadings in sociology and literature /
_cedited by Jane Dabaghian.
250 _a2nd ed.
260 _aBoston :
_bLittle, Brown,
_c1970.
300 _axiii, 530 p. ;
_c24 cm.
504 _aIncludes bibliographical references.
650 0 _aSociology.
_9104100
700 1 _aDabaghian, Jane,
_9104101
942 _2ddc
_cBK
999 _c34250
_d34250